[Event "AUTO-INT-658"]
[Site "http://www.queenalice.com/game.php?id=290674"]
[Date "2007.10.21"]
[Round "1"]
[White "djbarbaro"]
[Black "Mikalus"]
[Result "0-1"]
[WhiteElo "1501"]
[BlackElo "1620"]

1. b4 e6 2. b5 d5 3. e3 c5 4. Nf3 Nf6 5. Bb2 Be7 6. c4 a6 7. a4 Bd7 8. Ne5 axb5
9. axb5 Rxa1 10. Bxa1 Bd6 11. f3 O-O 12. Nxd7 Nbxd7 13. Be2 e5 14. O-O Qc7 15.
cxd5 Nxd5 16. Nc3 Nxc3 17. Bxc3 b6 0-1

[Event "AUTO-INT-658"]
[Site "http://www.queenalice.com/game.php?id=290675"]
[Date "2007.10.21"]
[Round "1"]
[White "Mikalus"]
[Black "djbarbaro"]
[Result "1-0"]
[WhiteElo "1631"]
[BlackElo "1490"]

1. e4 d5 2. exd5 Qxd5 3. Nc3 Qa5 4. Nf3 Bg4 5. Be2 g6 6. b3 Bg7 7. Bb2 Nf6 8.
Ne4 O-O 9. Ng3 Nc6 10. O-O Rad8 11. Bc3 Qd5 12. Nh4 a5 13. Bxg4 Nxg4 14. h3 Bxc3
15. dxc3 Qxd1 16. Raxd1 Nf6 17. Rd3 Ne5 18. Rd4 1-0

[Event "AUTO-INT-671"]
[Site "http://www.queenalice.com/game.php?id=296951"]
[Date "2007.11.2"]
[Round "1"]
[White "Vampyr"]
[Black "djbarbaro"]
[Result "1-0"]
[WhiteElo "2147"]
[BlackElo "1372"]

1. e4 e5 2. Nf3 Nc6 3. Bb5 d6 4. d4 a6 5. Bxc6+ bxc6 6. dxe5 Bg4 7. Bf4 d5 8.
exd5 cxd5 9. c3 g5 10. Bxg5 Be7 11. Bxe7 Qxe7 12. O-O c6 13. Nbd2 Nh6 14. Qa4
Bd7 15. Qf4 Nf5 16. Nd4 Nxd4 17. cxd4 Rg8 18. Rfc1 Rg4 19. Qe3 O-O-O 20. Nb3
Rdg8 21. g3 Qh4 22. Nc5 Bf5 23. Nxa6 Qh3 24. Rxc6+ Kd7 25. Rac1 Ke8 26. Qa3 1-0

[Event "AUTO-INT-671"]
[Site "http://www.queenalice.com/game.php?id=296952"]
[Date "2007.11.2"]
[Round "1"]
[White "djbarbaro"]
[Black "Vampyr"]
[Result "0-1"]
[WhiteElo "1370"]
[BlackElo "2148"]

1. e4 c5 2. Nf3 Nc6 3. Nc3 Nf6 4. d4 cxd4 5. Nxd4 e5 6. Nxc6 bxc6 7. Be2 Be7 8.
O-O O-O 9. b3 d5 10. exd5 cxd5 11. Bb2 Bb7 12. Na4 Qd6 13. c4 d4 14. f3 Rfd8 15.
Bd3 Nh5 16. Bc1 g6 17. g3 f5 18. Qe1 Nf6 19. Rf2 e4 20. fxe4 Nxe4 21. Re2 Bf6
22. Bf4 Qc6 23. Qf1 g5 24. Bc1 Nxg3 25. hxg3 Qh1+ 26. Kf2 Qf3+ 27. Kg1 Qxg3+ 0-1

[Event "AUTO-INT-671"]
[Site "http://www.queenalice.com/game.php?id=296967"]
[Date "2007.11.2"]
[Round "1"]
[White "djbarbaro"]
[Black "marcao"]
[Result "0-1"]
[WhiteElo "1364"]
[BlackElo "1629"]

1. e4 e5 2. Nf3 Nc6 3. Nc3 Nf6 4. d4 exd4 5. Nxd4 Bb4 6. Nxc6 bxc6 7. Qf3 O-O 8.
Bd3 d5 9. Bd2 d4 10. Ne2 Bxd2+ 11. Kxd2 Bb7 12. e5 Nd5 13. c3 Qg5+ 14. Kc2 f6
15. cxd4 fxe5 16. Qh3 h6 17. Qe6+ Rf7 18. Bh7+ Kf8 0-1

[Event "AUTO-INT-671"]
[Site "http://www.queenalice.com/game.php?id=296968"]
[Date "2007.11.2"]
[Round "1"]
[White "marcao"]
[Black "djbarbaro"]
[Result "1-0"]
[WhiteElo "1634"]
[BlackElo "1359"]

1. d4 d5 2. Nf3 Nc6 3. Nc3 e6 4. Bg5 Be7 5. Bxe7 Qxe7 6. e3 a6 7. Bd3 Bd7 8. O-O
Nf6 9. Ne5 Nxe5 10. dxe5 Ng8 11. Qg4 f6 12. Qh5+ Kd8 13. exf6 Nxf6 14. Qh3 c5
15. b3 g6 16. e4 d4 17. Na4 1-0

[Event "AUTO-INT-671"]
[Site "http://www.queenalice.com/game.php?id=296969"]
[Date "2007.11.2"]
[Round "1"]
[White "djbarbaro"]
[Black "Roger_Moore"]
[Result "0-1"]
[WhiteElo "1384"]
[BlackElo "1491"]

1. e4 e5 2. Nf3 Qf6 3. d4 d6 4. dxe5 dxe5 5. Nc3 c6 6. Bg5 Qd6 7. Qxd6 Bxd6 8.
O-O-O Bc7 9. Be2 f6 10. Be3 Be6 11. h4 Ne7 12. Rhg1 Ba5 13. a3 Bxc3 14. bxc3 O-O
15. Nh2 Nd7 16. g4 b6 0-1

[Event "AUTO-INT-671"]
[Site "http://www.queenalice.com/game.php?id=296970"]
[Date "2007.11.2"]
[Round "1"]
[White "Roger_Moore"]
[Black "djbarbaro"]
[Result "1-0"]
[WhiteElo "1450"]
[BlackElo "1339"]

1. e4 e5 2. Bc4 c6 3. Nc3 b5 4. Bb3 Nf6 5. d3 Be7 6. Qf3 O-O 7. h4 d5 8. a3 Bg4
9. Qg3 d4 10. Nce2 Nbd7 11. f3 Bh5 12. Bh6 Bg6 13. Bg5 Nh5 14. Qg4 Ndf6 15. Qh3
h6 16. Bd2 Nh7 17. g4 1-0

[Event "AUTO-INT-493"]
[Site "http://www.queenalice.com/game.php?id=311369"]
[Date "2007.11.28"]
[Round "2"]
[White "joaoreis001"]
[Black "djbarbaro"]
[Result "1-0"]
[WhiteElo "1758"]
[BlackElo "1341"]

1. e4 e5 2. Nf3 Nc6 3. Bb5 d6 4. Bxc6+ bxc6 5. d3 Nf6 6. Bg5 Be7 7. O-O Bg4 8.
h3 Bh5 9. c4 Nd7 10. Bxe7 Qxe7 11. Nbd2 O-O 12. Qa4 f5 13. exf5 1-0

[Event "AUTO-INT-493"]
[Site "http://www.queenalice.com/game.php?id=311370"]
[Date "2007.11.28"]
[Round "2"]
[White "djbarbaro"]
[Black "joaoreis001"]
[Result "0-1"]
[WhiteElo "1343"]
[BlackElo "1768"]

1. e4 e5 2. Nf3 Nc6 3. Bc4 h6 4. d4 d6 5. dxe5 Nxe5 6. Nxe5 Be6 7. Bxe6 dxe5 8.
Qxd8+ Rxd8 9. Bb3 Bb4+ 10. c3 Bc5 11. O-O Nf6 12. Bc2 O-O 0-1